header

Improving import food safety (Record no. 205626)

MARC details
000 -LEADER
fixed length control field 01606nam a2200385 a 4500
082 04 - DEWEY DECIMAL CLASSIFICATION NUMBER
Classification number 363.19/26
245 00 - TITLE STATEMENT
Title Improving import food safety
260 ## - PUBLICATION, DISTRIBUTION, ETC. (IMPRINT)
Place of publication Ames, Iowa :
Name of publisher IFT Press :
-- Wiley-Blackwell,
Year of publication 2013.
300 ## - PHYSICAL DESCRIPTION
Number of Pages xviii, 347 p. :
Other physical details ill.
490 0# - SERIES STATEMENT
Series statement IFT Press series
505 0# - FORMATTED CONTENTS NOTE
Formatted contents note pt. 1. Highlighting key issues -- pt. 2. Legal and regulatory issues/structures in the United States and abroad -- pt. 3. Potential strategies to improve import safety.
650 #0 - SUBJECT ADDED ENTRY--TOPICAL TERM
Topical Term Food
Topical Term Food
Topical Term Food industry and trade
Topical Term Food
700 1# - ADDED ENTRY--PERSONAL NAME
Personal name Zach, Lorna.
Personal name Ellefson, Wayne.
Personal name Sullivan, Darryl M.
856 40 - ELECTRONIC LOCATION AND ACCESS
Uniform Resource Identifier http://site.ebrary.com/lib/rucke/Doc?id=10615082

No items available.

© 2026 Rongo University
Contact us: librarian | system librarian | Rongo university